Bundesliga XI's 2022/2023 - Statistics

General Stats
  • This quiz has been taken 94 times
    75 since last reset
  • The average score is 77 of 198
Answer Stats
Hint Answer % Correct
GK Florian Müller
89%
MF Joshua Kimmich
89%
MF Thomas Müller
89%
GK Gregor Kobel
87%
DF Mats Hummels
87%
MF Leon Goretzka
85%
MF Leroy Sané
85%
GK Kevin Trapp
84%
DF Alphonso Davies
82%
MF Serge Gnabry
82%
MF Emre Can
81%
DF Niklas Süle
81%
GK Yann Sommer
81%
DF Dayot Upamecano
79%
DF Nico Schlotterbeck
79%
MF Jamal Musiala
77%
MF Julian Brandt
76%
FW Niclas Füllkrug
74%
GK Koen Casteels
73%
DF Matthjis de Ligt
71%
FW Donyell Malen
69%
GK Jiří Pavlenka
69%
FW Randal Kolo Muani
69%
MF Jonas Hofmann
66%
FW Philipp Hofmann
66%
DF Stefan Bell
66%
GK Janis Blaswich
65%
GK Lukáš Hrádecký
65%
DF David Raum
63%
GK Manuel Riemann
63%
MF Mario Götze
63%
DF Matthias Ginter
63%
DF Benjamin Pavard
61%
FW Karim Adeyemi
61%
GK Oliver Baumann
61%
FW Timo Werner
61%
DF Jeremie Frimpong
60%
DF Jonathan Tah
60%
DF Benjamin Henrichs
58%
GK Frederik Rønnow
56%
GK Jonas Omlin
56%
FW Marvin Duksch
56%
DF Raphael Guerreiro
56%
GK Robin Zentner
56%
DF Christian Günter
55%
MF Jude Bellingham
55%
GK Marvin Schwäbe
55%
DF Tuta
55%
FW Michael Gregoritsch
53%
MF Vincenzo Grifo
53%
FW Andrej Kramarić
52%
MF Chris Führich
52%
MF Maximilian Arnold
52%
DF Mohamed Simakan
52%
FW Serhou Guirassy
52%
DF Willi Orban
52%
DF Edmond Tapsoba
50%
FW Ermedin Demirović
50%
MF Robert Andrich
50%
FW Christopher Nkunku
48%
FW Marcus Thuram
48%
GK Mark Flekken
48%
FW Alassane Pléa
47%
MF Exequiel Palacios
47%
MF Salih Özcan
47%
DF Waldemar Anton
47%
DF Christopher Trimmel
45%
DF Mitchell Weiser
45%
MF Sebastian Rode
45%
FW Sheraldo Becker
45%
MF Leonardo Bittencourt
44%
FW Karim Onisiwo
42%
DF Marco Friedl
42%
DF Nico Elvedi
42%
MF Rani Khedira
42%
MF Kevin Stöger
40%
DF Niklas Stark
40%
DF Obite N'Dicka
40%
DF Diogo Leite
39%
MF Felix Nmecha
39%
MF Kouadio Koné
39%
DF Piero Hincapié
39%
DF Ridle Baku
39%
MF Wataru Endo
39%
GK Alexander Schwolow
37%
MF Daichi Kamada
37%
DF Julian Chabot
37%
FW Marius Bülter
37%
DF Micky van de Ven
37%
MF Christian Groß
35%
DF Danilho Doekhi
35%
MF Ellyes Skhiri
35%
MF Florian Kainz
35%
FW Kevin Behrens
35%
DF Kevin Vogt
35%
DF Moritz Jenz
35%
FW Moussa Diaby
35%
MF Anton Stach
34%
MF Atakan Karazor
34%
DF Hiroki Ito
34%
DF Joško Gvardiol
34%
MF Julian Weigl
34%
MF Ritsu Doan
34%
FW Simon Terodde
34%
DF Aurélio Buta
32%
DF Jonas Hector
32%
DF Marcel Halstenberg
32%
DF Odilon Kossounou
32%
DF Rami Bensebaini
32%
FW Steffen Tigges
32%
MF Anthony Losilla
31%
MF Christoph Kramer
31%
FW Jesper Lindstrøm
31%
DF Ko Itakura
31%
DF Anthony Jung
29%
DF Borna Sosa
29%
MF Djibril Sow
29%
MF Dominik Kohr
29%
MF Dominik Szoboszlai
29%
DF Joe Scally
29%
MF Lee Jae-Sung
29%
MF Nicolas Höfler
29%
DF Ozan Kabak
29%
DF Pavel Kadeřábek
29%
DF Philipp Lienhart
29%
DF Robin Knoche
29%
MF Takuma Asano
29%
FW André Silva
27%
DF Ivan Ordets
27%
GK Oliver Christensen
27%
DF Sebastiaan Bornauw
27%
DF Timo Hübers
27%
MF Christoph Baumgartner
26%
DF Cristian Gamboa
26%
MF Maximilian Eggestein
26%
DF Mitchel Bakker
26%
GK Rafał Gikiewicz
26%
MF Yannick Gerhardt
26%
DF Amos Pieper
24%
MF Arne Maier
24%
DF Benno Schmitz
24%
DF Henning Matriciani
24%
DF Marvin Plattenhardt
24%
FW Silas
24%
DF Silvan Widmer
24%
MF Tom Krauß
24%
MF Dejan Ljubicic
23%
MF Eric Martel
23%
FW Jakub Kamiński
23%
DF Konstantinos Mavropanos
23%
DF Danilo Soares
21%
FW Ihlas Bebou
21%
MF Janik Haberer
21%
MF Kerem Demirbay
21%
MF Leandro Barreiro
21%
FW Linton Maina
21%
DF Maya Yoshida
21%
FW Dodi Lukebakio
19%
DF Miloš Veljković
19%
MF Rodrigo Zalazar
19%
DF Angeliño
18%
DF Anthony Caci
18%
MF Axel Král
18%
MF Grischa Prömel
18%
DF Jeffrey Gouweleeuw
18%
FW Jordan
18%
DF Kristijan Jakić
18%
MF Lucas Tousart
18%
DF Lukas Kübler
18%
FW Mergim Berisha
18%
FW Patrick Wimmer
18%
MF Dominick Drexler
16%
DF Edimilson Fernandes
16%
DF Kiliann Sildillia
16%
DF Marc-Oliver Kempf
16%
MF Mattias Svanberg
16%
DF Robert Gumny
16%
MF Suat Serdar
16%
DF Aarón Martin
15%
DF Iago
15%
DF Mads Pedersen
15%
DF Cédric Brunner
13%
MF Arne Engels
11%
MF Dennis Geiger
11%
DF Erhan Mašović
11%
DF Kevin Akpoguma
11%
MF Marco Richter
11%
DF Niko Gießelmann
11%
DF Paulo Otávio
11%
FW Christopher Antwi-Adjei
10%
MF Elvis Rexhbeçaj
8%
DF Jonjoe Kenny
8%
DF Maximilian Bauer
6%
FW Simon Zoller
6%
DF Filip Uremović
5%
DF Agustín Rogel
3%
MF Naouriou Ahamada
2%
FW Wilfried Kanga
2%
No matching quizzes found
Score Distribution
Percent of People with Each Score
Percentile by Number Answered
Your Score History
You have not taken this quiz since the last reset